Compilers : Principles, Techniques and Tools /
Gorde:
| Egile nagusia: | |
|---|---|
| Beste egile batzuk: | , |
| Formatua: | Sách giấy |
| Hizkuntza: | English |
| Argitaratua: |
Reading, Massachusetts :
Addison-Wesley,
1986.
|
| Etiketak: |
Etiketa erantsi
Etiketarik gabe, Izan zaitez lehena erregistro honi etiketa jartzen!
|
| Thư viện lưu trữ: | Thư viện Trường Đại học Đà Lạt |
|---|
| LEADER | 00732nam a2200289 4500 | ||
|---|---|---|---|
| 001 | DLU020000139 | ||
| 005 | ##19980511 | ||
| 020 | # | # | |a 0-201-10194-7 |
| 040 | # | # | |a DLU |b vie |
| 041 | # | # | |a eng |
| 044 | # | # | |a us |
| 082 | # | # | |a 005.453 |b AH-A |
| 100 | # | # | |a Aho, Alfred V. |
| 245 | # | # | |a Compilers : |b Principles, Techniques and Tools / |c Alfred V. Aho, Ravi Sethi, Jeffrey D. Ullman. |
| 260 | # | # | |a Reading, Massachusetts : |b Addison-Wesley, |c 1986. |
| 300 | # | # | |a x, 796 tr. ; |c 23 cm. |
| 700 | # | # | |a Sethi, Ravi. |
| 700 | # | # | |a Ullman, Jeffrey D. |
| 992 | # | # | |a 31720 |
| 994 | # | # | |a DLU |
| 900 | # | # | |a False |
| 911 | # | # | |a Administrator |
| 925 | # | # | |a G |
| 926 | # | # | |a A |
| 927 | # | # | |a SH |
| 980 | # | # | |a Thư viện Trường Đại học Đà Lạt |


